000 00856nas a2200241 4500
001 BR9204182
003 BR-BrBNA
005 20231205092711.0
007 ta
008 230509b bl.|||p| |||| 00| 00por d
040 _aBR-BrBNA
_bpor
_cBiblioteca Nacional de Agricultura
041 _a(En)
072 _aF01
100 1 _aMiranda, R.M.
100 1 _aCarlson, W.H.
245 1 _aCharacterization of the role of ethylene in petal abscission of hybrid geranium using floret explants
246 1 _aCharacterization of the role of ethylene in petal abscission of hybrid geranium using floret explants
650 _aGERANIO
650 _aREGULADOR DE CRESCIMENTO
773 0 _tRevista Brasileira de Fisiologia Vegetal (Brazil)
_xISSN 0103-3131
_g(1991), v. 3(1) p. 7-16
_wBR9204182
909 _a202311
_bLúcia
_c55
_dLúcia Elande
942 _2AGRIS
_n0
_cANA
999 _c133510
_d133510